عرض عادي عرض مارك
  • Xu, Rensheng,

مدخل إسم شخص

عدد التسجيلات المستخدمة في: 1

001 - رقم الضبط

  • حقل الضبط: 17224

003 - معرف رقم الضبط

  • حقل الضبط: OSt

005 - تاريخ ووقت أخر عملية

  • حقل الضبط: 20120918171212.0

008 - عناصر بيانات ثابتة الطول

  • حقل تحكم ثابت الطول: 120918|||a|||||| | ||| d

040 ## - مصدر الفهرسة

  • هيئة الفهرسة الأصلية: OSt
  • وكالة الكتابة: OSt

100 ## - مدخل -- أسم شخص

  • إسم شخص: Xu, Rensheng,
  • تواريخ مرتبطة بالاسم: 1931-

670 ## - بيانات المصدر موجوده

  • الاستشهاد بالمصدر: Work cat.: (OSt)27940: Introduction to natural products chemistry /, c2012.